| 000 | 00417nam a2200181Ia 4500 | ||
|---|---|---|---|
| 001 | 11001 | ||
| 005 | 20260306161914.0 | ||
| 008 | 260306t1980||||xx |||||||||||||| ||spa|| | ||
| 041 | _aESP | ||
| 082 |
_a985 _bS22 |
||
| 100 |
_aSanchez, Luis Alberto _eAUT |
||
| 245 | 0 | _aLa realidad nacional | |
| 260 | _c1980 | ||
| 300 |
_a367 páginas : _c21 cm. |
||
| 650 | _aGEN | ||
| 654 | _aCHU | ||
| 942 |
_cLIB _dJUS _fJUS _2ddc _n |
||
| 999 |
_c11001 _d11001 |
||